000 01084nac a22003011i 4500
003 EG-ScBUE
005 20250813091447.0
008 250805s1999 ii a f b 001 0 eng d
020 _a8120307933
020 _a9788120307933
040 _aEG-ScBUE
_beng
_erda
_cEG-ScBUE
_dEG-ScBUE
082 0 4 _a545
_bDAY
_222
100 1 _aDay, R. A.
_q(Reuben Alexander),
_d1915-
_eauthor.
245 1 0 _aQuantitative analysis /
_cR. A. Day, Jr., Emory University, emeritus, A. L. Underwood, Emory University.
250 _aSixth edition.
250 _aEastern economy edition.
264 1 _aNew Delhi :
_bPrentice Hall of India, Private Limited,
_c1999.
300 _axiii, 685 pages :
_billustrations ;
_c27 cm
336 _2rdacontent
_atext
_btxt
337 _aunmediated
_2rdamedia
_bn
338 _avolume
_bnc
_2rdacarrier
500 _aIncludes Appendices.
504 _aIncludes bibliographical references and index.
650 7 _aChemistry, Analytic
_xQuantitative.
_2BUEsh
655 _vReading book
700 1 _aUnderwood, A. L.
_q(Arthur Louis),
_d1924-
_eauthor.
942 _cBB
_2ddc
999 _c4285
_d4285